[Event "EU-ch U14 24th"]
[Site "Batumi"]
[Date "2014.10.22"]
[Round "4"]
[White "Tepe, Efe Can"]
[Black "Feyzullayev, Tofig Telman"]
[Result "1/2-1/2"]
[WhiteElo "1990"]
[BlackElo "1835"]
[PlyCount "32"]
[EventDate "2014.10.19"]
[EventType "swiss"]
[EventRounds "9"]
[EventCountry "GEO"]
[SourceTitle "EXT 2015"]
[Source "ChessBase"]
[SourceDate "2014.11.20"]
[SourceVersion "1"]
[SourceVersionDate "2014.11.20"]
[SourceQuality "1"]

1. e4 c5 2. Nf3 d6 3. Bb5+ Bd7 4. Bxd7+ Qxd7 5. 0-0 Nf6 6. Qe2 g6 7. c3 Bg7 8. d4 cxd4 9. cxd4 0-0 10. Nc3 Nc6 11. Rd1 d5 12. e5 Ne8 13. Be3 Qc7 14. Nh4 Na5 15. Bf4 b6 16. b3 f5 1/2-1/2